000 00351nam a2200145Ia 4500
008 191201s2019 xx 000 0 und d
082 _a005.43
_bTAO
100 _aTANABUEM, Andrew S
245 0 _aOperating Systems Design and Implementation
250 _a3rd
260 _aN.Delhi
_bPHI
300 _a1054
650 _aB.Tech(CSE)
942 _2ddc
_cBK
999 _c4103
_d4103